[Event "I Torneo de Estrellas - La Marina 2013"]
[Site "Ibiza ESP"]
[Date "2013.10.16"]
[Round "6.1"]
[White "Cruz, Jonathan"]
[Black "Vega Gutierrez, Sabrina"]
[Result "1/2-1/2"]
[WhiteElo "2473"]
[BlackElo "2391"]
[PlyCount "131"]
[EventDate "2013.10.12"]
[EventType "tourn"]
[EventRounds "9"]
[EventCountry "ESP"]
[EventCategory "8"]
[Source "lmi"]
[SourceDate "2013.10.12"]

1. d4 d5 2. Nf3 c6 3. c4 e6 4. e3 Nf6 5. Bd3 dxc4 6. Bxc4 Nbd7 7. Nc3 b5 8. Bd3
Bd6 9. O-O O-O 10. e4 e5 11. d5 cxd5 12. Nxd5 Nxd5 13. exd5 Nf6 14. Re1 Bb7 15.
Bg5 h6 16. Bxf6 Qxf6 17. Bxb5 Rfd8 18. Bc4 Qf4 19. Qc1 Rac8 20. Qxf4 exf4 21.
b3 Rc5 22. Rad1 Kf8 23. Re4 a5 24. Ne5 Rc7 25. Nd3 g5 26. Rde1 Re7 27. f3 Rc7
28. Kf1 Be7 29. Ne5 Bxd5 30. Bxd5 Rxd5 31. Nc4 Bb4 32. Re8+ Kg7 33. R8e5 Rcd7
34. Rxd5 Rxd5 35. Rc1 h5 36. Ke2 Rd7 37. Rd1 Re7+ 38. Kd3 Rd7+ 39. Kc2 Re7 40.
a3 Be1 41. Rd5 Kf6 42. Kd1 Bc3 43. Rd3 Be1 44. Nd6 Kg6 45. Ne4 Bh4 46. Rd6+ Kg7
47. Rd5 Kg6 48. Rxa5 f5 49. Ra6+ Kg7 50. Nd6 Re1+ 51. Kd2 Rg1 52. Nxf5+ Kf7 53.
Kd3 Rxg2 54. Nxh4 gxh4 55. Ke4 Rxh2 56. Kxf4 Rb2 57. b4 Kg7 58. Ra7+ Kg6 59.
Ra6+ Kg7 60. Ra5 Kh6 61. Re5 Ra2 62. Re6+ Kg7 63. Re5 Kh6 64. Re6+ Kg7 65. Re7+
Kg6 66. Re6+ 1/2-1/2

[Event "I Torneo de Estrellas - La Marina 2013"]
[Site "Ibiza ESP"]
[Date "2013.10.16"]
[Round "6.2"]
[White "Campos Moreno, Javier"]
[Black "Del Rey, Diego"]
[Result "1/2-1/2"]
[WhiteElo "2471"]
[BlackElo "2377"]
[PlyCount "28"]
[EventDate "2013.10.12"]
[EventType "tourn"]
[EventRounds "9"]
[EventCountry "ESP"]
[EventCategory "8"]
[Source "lmi"]
[SourceDate "2013.10.12"]

1. d4 d5 2. c4 c6 3. cxd5 cxd5 4. Nc3 Nf6 5. Nf3 Nc6 6. Bf4 a6 7. Ne5 Nxe5 8.
Bxe5 Bf5 9. e3 e6 10. Bd3 Bxd3 11. Qxd3 Bd6 12. Bxd6 Qxd6 13. O-O O-O 14. Rfc1
Rfc8 1/2-1/2

[Event "I Torneo de Estrellas - La Marina 2013"]
[Site "Ibiza ESP"]
[Date "2013.10.16"]
[Round "6.3"]
[White "Cruz, Cristhian"]
[Black "Ringoir, Tanguy"]
[Result "1/2-1/2"]
[WhiteElo "2543"]
[BlackElo "2511"]
[PlyCount "20"]
[EventDate "2013.10.12"]
[EventType "tourn"]
[EventRounds "9"]
[EventCountry "ESP"]
[EventCategory "8"]
[Source "lmi"]
[SourceDate "2013.10.12"]

1. e4 e5 2. Nf3 Nc6 3. Bc4 Bc5 4. c3 Nf6 5. d3 a6 6. Bb3 Ba7 7. Nbd2 d6 8. h3
h6 9. Nf1 Be6 10. Bxe6 fxe6 1/2-1/2

[Event "I Torneo de Estrellas - La Marina 2013"]
[Site "Ibiza ESP"]
[Date "2013.10.16"]
[Round "6.4"]
[White "Navarro Lopez-Menchero, Daniel"]
[Black "Lariño Nieto, David"]
[Result "0-1"]
[WhiteElo "2293"]
[BlackElo "2469"]
[PlyCount "68"]
[EventDate "2013.10.12"]
[EventType "tourn"]
[EventRounds "9"]
[EventCountry "ESP"]
[EventCategory "8"]
[Source "lmi"]
[SourceDate "2013.10.12"]

1. e4 e5 2. Nf3 Nc6 3. Bb5 Nd4 4. Nxd4 exd4 5. O-O c6 6. Bc4 Nf6 7. e5 d5 8.
Be2 Nd7 9. f4 g5 10. e6 fxe6 11. Bh5+ Ke7 12. fxg5 Ne5 13. d3 Bg7 14. Nd2 Ng6
15. Nf3 e5 16. Qe1 Kd6 17. Qg3 c5 18. b4 b6 19. bxc5+ bxc5 20. a4 Qe7 21. Nxd4
Rf8 22. Rxf8 Qxf8 23. Bxg6 hxg6 24. Nb3 Kc6 25. Ba3 Qf4 26. Qxf4 exf4 27. Rf1
c4 28. dxc4 dxc4 29. Na5+ Kd5 30. Rd1+ Bd4+ 31. Kh1 Bg4 32. Rb1 f3 33. Rb5+ Ke6
34. Nc6 Bb6 0-1

[Event "I Torneo de Estrellas - La Marina 2013"]
[Site "Ibiza ESP"]
[Date "2013.10.16"]
[Round "7.2"]
[White "Lariño Nieto, David"]
[Black "Fenollar Jorda, Manuel"]
[Result "0-1"]
[WhiteElo "2469"]
[BlackElo "2434"]
[PlyCount "104"]
[EventDate "2013.10.12"]
[EventType "tourn"]
[EventRounds "9"]
[EventCountry "ESP"]
[EventCategory "8"]
[Source "lmi"]
[SourceDate "2013.10.12"]

1. c4 e6 2. e4 d5 3. cxd5 exd5 4. exd5 Nf6 5. Nf3 Nxd5 6. Nc3 Be7 7. Bc4 Nb6 8.
Bb3 O-O 9. O-O N8d7 10. d4 Nf6 11. Ne5 Nbd5 12. Qf3 Be6 13. Bg5 c6 14. Rfe1 Nc7
15. Bc2 Qxd4 16. Rad1 Qb4 17. a3 Qxb2 18. Re2 Qxa3 19. Re3 Qc5 20. Rc1 Rad8 21.
Qg3 Rd4 22. Nf3 Rd7 23. Ne5 Rd4 24. Nf3 Rd7 25. h3 Rfd8 26. Ne2 Qa5 27. Nf4
Ncd5 28. Re5 Nxf4 29. Bxf4 Rd5 30. Bh6 g6 31. Bxg6 hxg6 32. Rxe6 Nh5 33. Qg4
fxe6 34. Qxg6+ Kh8 35. g4 Rg8 36. Qxe6 Qd8 37. Ne5 Qe8 38. Nf7+ Kh7 39. Re1 Rg6
40. Qxe7 Qxe7 41. Rxe7 Rxh6 42. Nxh6+ Kxh6 43. gxh5 Rb5 44. Kg2 a5 45. Re8 c5
46. Rh8+ Kg7 47. Rc8 a4 48. Ra8 Rb4 49. Kg3 c4 50. f4 c3 51. Rc8 b5 52. Rc7+
Kh6 0-1

[Event "I Torneo de Estrellas - La Marina 2013"]
[Site "Ibiza ESP"]
[Date "2013.10.16"]
[Round "7.3"]
[White "Ringoir, Tanguy"]
[Black "Navarro Lopez-Menchero, Daniel"]
[Result "1/2-1/2"]
[WhiteElo "2511"]
[BlackElo "2293"]
[PlyCount "51"]
[EventDate "2013.10.12"]
[EventType "tourn"]
[EventRounds "9"]
[EventCountry "ESP"]
[EventCategory "8"]
[Source "lmi"]
[SourceDate "2013.10.12"]

1. d4 d5 2. c4 dxc4 3. e3 e6 4. Bxc4 a6 5. Nf3 Nf6 6. O-O b5 7. Bd3 Bb7 8. a4
b4 9. Nbd2 c5 10. e4 cxd4 11. e5 Nd5 12. Nc4 Nd7 13. Bg5 Qb8 14. a5 h6 15. Bh4
Nf4 16. Re1 Nxd3 17. Qxd3 Bc5 18. Nxd4 Bd5 19. Nd6+ Kf8 20. N4f5 g6 21. Be7+
Kg8 22. Nh4 Rh7 23. Qe2 Qa7 24. Kf1 Bc6 25. Qc2 b3 26. Qd2 1/2-1/2

[Event "I Torneo de Estrellas - La Marina 2013"]
[Site "Ibiza ESP"]
[Date "2013.10.16"]
[Round "7.4"]
[White "Del Rey, Diego"]
[Black "Cruz, Cristhian"]
[Result "1/2-1/2"]
[WhiteElo "2377"]
[BlackElo "2543"]
[PlyCount "27"]
[EventDate "2013.10.12"]
[EventType "tourn"]
[EventRounds "9"]
[EventCountry "ESP"]
[EventCategory "8"]
[Source "lmi"]
[SourceDate "2013.10.12"]

1. d4 e6 2. e4 d5 3. exd5 exd5 4. Bd3 Nc6 5. c3 Bd6 6. Qf3 Be6 7. Ne2 Qd7 8. h3
Nge7 9. Bf4 Bf5 10. Bxd6 Bxd3 11. Qxd3 Qxd6 12. Nd2 O-O 13. O-O Rfe8 14. Rae1
1/2-1/2

[Event "I Torneo de Estrellas - La Marina 2013"]
[Site "Ibiza ESP"]
[Date "2013.10.16"]
[Round "7.5"]
[White "Vega Gutierrez, Sabrina"]
[Black "Campos Moreno, Javier"]
[Result "1/2-1/2"]
[WhiteElo "2391"]
[BlackElo "2471"]
[PlyCount "30"]
[EventDate "2013.10.12"]
[EventType "tourn"]
[EventRounds "9"]
[EventCountry "ESP"]
[EventCategory "8"]
[Source "lmi"]
[SourceDate "2013.10.12"]

1. e4 e5 2. Nf3 Nc6 3. d4 exd4 4. Nxd4 Nf6 5. Nc3 Bb4 6. Nxc6 bxc6 7. Bd3 d5 8.
exd5 cxd5 9. O-O O-O 10. Bg5 c6 11. Qf3 Bd6 12. Ne2 Bg4 13. Bxf6 Bxf3 14. Bxd8
Bxe2 15. Bxe2 Rfxd8 1/2-1/2

[Event "I Torneo de Estrellas - La Marina 2013"]
[Site "Ibiza ESP"]
[Date "2013.10.17"]
[Round "8.2"]
[White "Cruz, Cristhian"]
[Black "Vega Gutierrez, Sabrina"]
[Result "1-0"]
[WhiteElo "2543"]
[BlackElo "2391"]
[PlyCount "75"]
[EventDate "2013.10.12"]
[EventType "tourn"]
[EventRounds "9"]
[EventCountry "ESP"]
[EventCategory "8"]
[Source "lmi"]
[SourceDate "2013.10.12"]

1. Nf3 d5 2. e3 Nf6 3. c4 c6 4. b3 Bg4 5. h3 Bh5 6. Bb2 Nbd7 7. d4 e6 8. Nbd2
Ne4 9. Be2 Bb4 10. O-O Nc3 11. Bxc3 Bxc3 12. Rc1 Ba5 13. a3 O-O 14. b4 Bc7 15.
b5 cxb5 16. cxd5 exd5 17. Qb3 Nf6 18. Qxb5 Qe7 19. Rb1 Rab8 20. Rfc1 a6 21. Qb3
Bd6 22. a4 Rfd8 23. Kf1 Bg6 24. Bd3 Bxd3+ 25. Qxd3 Ne4 26. Qb3 a5 27. Rc2 Nxd2+
28. Nxd2 Bb4 29. Rbc1 h6 30. Nf3 Qe6 31. Ne5 Bd6 32. Nd3 g6 33. Qb5 Qf6 34. Ke2
b6 35. Rc6 Rdc8 36. g4 Qe6 37. Nf4 Bxf4 38. Rxe6 1-0

[Event "I Torneo de Estrellas - La Marina 2013"]
[Site "Ibiza ESP"]
[Date "2013.10.17"]
[Round "8.3"]
[White "Navarro Lopez-Menchero, Daniel"]
[Black "Del Rey, Diego"]
[Result "1/2-1/2"]
[WhiteElo "2293"]
[BlackElo "2377"]
[PlyCount "25"]
[EventDate "2013.10.12"]
[EventType "tourn"]
[EventRounds "9"]
[EventCountry "ESP"]
[EventCategory "8"]
[Source "lmi"]
[SourceDate "2013.10.12"]

1. e4 e5 2. Nf3 Nf6 3. Nxe5 d6 4. Nf3 Nxe4 5. Nc3 Nxc3 6. dxc3 Nc6 7. Bf4 Be7
8. Qd2 Be6 9. a3 Qd7 10. O-O-O a6 11. Be2 h6 12. Nd4 Nxd4 13. cxd4 1/2-1/2

[Event "I Torneo de Estrellas - La Marina 2013"]
[Site "Ibiza ESP"]
[Date "2013.10.17"]
[Round "8.4"]
[White "Fenollar Jorda, Manuel"]
[Black "Ringoir, Tanguy"]
[Result "0-1"]
[WhiteElo "2434"]
[BlackElo "2511"]
[PlyCount "84"]
[EventDate "2013.10.12"]
[EventType "tourn"]
[EventRounds "9"]
[EventCountry "ESP"]
[EventCategory "8"]
[Source "lmi"]
[SourceDate "2013.10.12"]

1. d4 f5 2. g3 Nf6 3. Bg2 g6 4. c4 Bg7 5. Nc3 O-O 6. Nh3 d6 7. d5 c6 8. O-O
cxd5 9. cxd5 Na6 10. Bg5 Bd7 11. Rc1 Rc8 12. Nf4 Qb6 13. Nd3 Nc7 14. Qd2 Nb5
15. Nxb5 Qxb5 16. Qb4 Qxb4 17. Nxb4 Bb5 18. Bf3 Kf7 19. Nc2 Ne4 20. Na3 Ba6 21.
Rxc8 Rxc8 22. Rc1 b6 23. Rxc8 Bxc8 24. Bxe4 fxe4 25. Nb5 a6 26. Na7 Bb7 27. Nc6
Ke8 28. Be3 Bxb2 29. Bxb6 e6 30. f3 exf3 31. exf3 Kd7 32. Nb4 Bxd5 33. Nxd5
exd5 34. Kf1 Kc6 35. Bd8 Kb5 36. Ke2 Kc4 37. Be7 Ba3 38. f4 d4 39. g4 d3+ 40.
Kd1 Kd5 41. f5 gxf5 42. gxf5 Bb4 0-1

[Event "I Torneo de Estrellas - La Marina 2013"]
[Site "Ibiza ESP"]
[Date "2013.10.17"]
[Round "8.5"]
[White "Garcia Roman, Daniel"]
[Black "Lariño Nieto, David"]
[Result "1-0"]
[WhiteElo "2391"]
[BlackElo "2469"]
[PlyCount "25"]
[EventDate "2013.10.12"]
[EventType "tourn"]
[EventRounds "9"]
[EventCountry "ESP"]
[EventCategory "8"]
[Source "lmi"]
[SourceDate "2013.10.12"]

1. d4 d5 2. c4 e6 3. Nc3 c5 4. cxd5 exd5 5. Nf3 Nc6 6. g3 Nf6 7. Bg2 Be7 8. O-O
O-O 9. dxc5 Bxc5 10. Na4 Be7 11. b3 Bf5 12. Bb2 Qd7 13. Nd4 1-0

[Event "I Torneo de Estrellas - La Marina 2013"]
[Site "Ibiza ESP"]
[Date "2013.10.18"]
[Round "9.1"]
[White "Lariño Nieto, David"]
[Black "Cruz, Jonathan"]
[Result "1/2-1/2"]
[WhiteElo "2469"]
[BlackElo "2473"]
[PlyCount "39"]
[EventDate "2013.10.12"]
[EventType "tourn"]
[EventRounds "9"]
[EventCountry "ESP"]
[EventCategory "8"]
[Source "lmi"]
[SourceDate "2013.10.12"]

1. e4 e5 2. Nf3 Nc6 3. Bb5 a6 4. Bxc6 dxc6 5. O-O f6 6. d4 exd4 7. Nxd4 c5 8.
Ne2 Qxd1 9. Rxd1 Bg4 10. f3 Bd7 11. Nbc3 O-O-O 12. Be3 Bd6 13. Bf4 Bxf4 14.
Nxf4 Ne7 15. Nfd5 Nxd5 16. Rxd5 b6 17. Rad1 Be6 18. Rxd8+ Rxd8 19. Rxd8+ Kxd8
20. Kf2 1/2-1/2

[Event "I Torneo de Estrellas - La Marina 2013"]
[Site "Ibiza ESP"]
[Date "2013.10.18"]
[Round "9.2"]
[White "Ringoir, Tanguy"]
[Black "Garcia Roman, Daniel"]
[Result "1/2-1/2"]
[WhiteElo "2511"]
[BlackElo "2391"]
[PlyCount "77"]
[EventDate "2013.10.12"]
[EventType "tourn"]
[EventRounds "9"]
[EventCountry "ESP"]
[EventCategory "8"]
[Source "lmi"]
[SourceDate "2013.10.12"]

1. d4 Nf6 2. c4 e6 3. Nc3 Bb4 4. e3 O-O 5. Nge2 d5 6. a3 Bd6 7. Ng3 c5 8. dxc5
Bxc5 9. b4 Be7 10. Bb2 dxc4 11. Bxc4 Nc6 12. O-O Ne5 13. Be2 Qxd1 14. Rfxd1 Bd7
15. Nce4 Nxe4 16. Nxe4 Bc6 17. Bxe5 Bxe4 18. f3 Bc6 19. b5 Bd5 20. e4 Bb3 21.
Rd7 Bc5+ 22. Bd4 Bxd4+ 23. Rxd4 e5 24. Rd7 b6 25. Rc1 Be6 26. Re7 Rfe8 27.
Rxe8+ Rxe8 28. Rc7 Ra8 29. a4 Kf8 30. f4 exf4 31. Bf3 g5 32. h3 h5 33. Bxh5 Bb3
34. Kh2 Kg7 35. e5 Re8 36. e6 Bxe6 37. Rxa7 Bb3 38. Rb7 Re5 39. Rxb6 1/2-1/2

[Event "I Torneo de Estrellas - La Marina 2013"]
[Site "Ibiza ESP"]
[Date "2013.10.18"]
[Round "9.3"]
[White "Del Rey, Diego"]
[Black "Fenollar Jorda, Manuel"]
[Result "1/2-1/2"]
[WhiteElo "2377"]
[BlackElo "2434"]
[PlyCount "22"]
[EventDate "2013.10.12"]
[EventType "tourn"]
[EventRounds "9"]
[EventCountry "ESP"]
[EventCategory "8"]
[Source "lmi"]
[SourceDate "2013.10.12"]

1. e4 e6 2. d4 d5 3. exd5 exd5 4. Bd3 Bd6 5. Qf3 c6 6. Ne2 Qf6 7. Qxf6 Nxf6 8.
Bf4 Bxf4 9. Nxf4 O-O 10. f3 b6 11. Nc3 Ba6 1/2-1/2

[Event "I Torneo de Estrellas - La Marina 2013"]
[Site "Ibiza ESP"]
[Date "2013.10.18"]
[Round "9.4"]
[White "Vega Gutierrez, Sabrina"]
[Black "Navarro Lopez-Menchero, Daniel"]
[Result "1-0"]
[WhiteElo "2391"]
[BlackElo "2293"]
[PlyCount "83"]
[EventDate "2013.10.12"]
[EventType "tourn"]
[EventRounds "9"]
[EventCountry "ESP"]
[EventCategory "8"]
[Source "lmi"]
[SourceDate "2013.10.12"]

1. d4 d5 2. c4 dxc4 3. Nf3 Nf6 4. e3 Bg4 5. Bxc4 e6 6. O-O Nbd7 7. Nc3 Bb4 8.
Qb3 Bxc3 9. bxc3 Bxf3 10. gxf3 Rb8 11. Ba3 c5 12. dxc5 O-O 13. Rfd1 Qc7 14. c6
bxc6 15. Bxf8 Rxb3 16. Bd6 Qa5 17. axb3 Qg5+ 18. Kf1 g6 19. Rxa7 Qf5 20. Be7
Qxf3 21. Rdxd7 Ng4 22. Bh4 Nxe3+ 23. Ke1 Ng2+ 24. Kd2 Nxh4 25. Rxf7 Qxf7 26.
Rxf7 Kxf7 27. Bd3 Ke7 28. Be4 Kd6 29. Ke3 e5 30. f4 c5 31. b4 c4 32. fxe5+ Kxe5
33. b5 Nf5+ 34. Bxf5 gxf5 35. b6 Kd6 36. Kf4 Kc6 37. Kxf5 Kxb6 38. Ke4 Kb5 39.
Kd5 Kb6 40. Kxc4 Kc6 41. Kd4 Kd6 42. h4 1-0